000 00669nam a22001935i 4500
001 155340
003 ES-MaACL
005 20230906210035.0
008 010426q18891900sp af |||| | spa d
040 _aCCPB | B
_bspa
_cCCPB | B
100 1 _aHernández Useros, Pedro.
_9127908
245 1 0 _aApuntes para una guía de Segovia y su provincia /
_cPedro Hernández Useros.
260 _aSegovia :
_b[s.n.,
_cs.a.] (
_fImprentas Provincial y S. Rueda)
300 _a363 p., [10] h. de grab. ;
_c15 cm.
596 1 _aFecha tomado de prelim., 1889.
651 4 _aSegovia-
_vGuías.
_9137358
752 _aEspaña -
_dSegovia
852 _aES-MaACL
_jD-3888
_z-- Enc. tela
999 _c155340
_d155340